<?xml version="1.0" encoding="UTF-8"?>
<record
    xmlns:xsi="http://www.w3.org/2001/XMLSchema-instance"
    xsi:schemaLocation="http://www.loc.gov/MARC21/slim http://www.loc.gov/standards/marcxml/schema/MARC21slim.xsd"
    xmlns="http://www.loc.gov/MARC21/slim">

  <leader>01077njm a22002417a 4500</leader>
  <controlfield tag="005">20100903134040.0</controlfield>
  <controlfield tag="006">a|||||r|||||00| 0 </controlfield>
  <controlfield tag="007">sd ammalaaahaa</controlfield>
  <controlfield tag="008">100830t        xxu||||| |||| 00| 0 eng d</controlfield>
  <datafield tag="028" ind1=" " ind2=" ">
    <subfield code="a">J.N.G.965</subfield>
    <subfield code="b">Megaphone</subfield>
  </datafield>
  <datafield tag="035" ind1=" " ind2=" ">
    <subfield code="a">GR-352</subfield>
  </datafield>
  <datafield tag="040" ind1=" " ind2=" ">
    <subfield code="a">SED</subfield>
    <subfield code="c">SED</subfield>
  </datafield>
  <datafield tag="100" ind1=" " ind2=" ">
    <subfield code="a">Akhtari Bai (Fyzabadi)</subfield>
    <subfield code="9">17814</subfield>
  </datafield>
  <datafield tag="245" ind1=" " ind2=" ">
    <subfield code="a">Star /</subfield>
    <subfield code="c">by Akhtari Bai (Fyzabadi)</subfield>
    <subfield code="h">[soung recording] :</subfield>
  </datafield>
  <datafield tag="246" ind1=" " ind2=" ">
    <subfield code="a">&#x938;&#x94D;&#x91F;&#x93E;&#x930; / &#x926;&#x94D;&#x935;&#x93E;&#x930;&#x93E; &#x905;&#x916;&#x924;&#x93E;&#x930;&#x940; &#x92C;&#x93E;&#x908; (&#x92B;&#x94D;&#x92F;&#x91C;&#x93C;&#x93E;&#x92C;&#x93E;&#x926;&#x940;)</subfield>
  </datafield>
  <datafield tag="260" ind1=" " ind2=" ">
    <subfield code="a">India </subfield>
    <subfield code="b">Megaphone</subfield>
  </datafield>
  <datafield tag="300" ind1=" " ind2=" ">
    <subfield code="a">1 sound disc [Gramophone Recording] :</subfield>
    <subfield code="b">analog, 33 1/3 rpm</subfield>
    <subfield code="c">9.5 in (MP)</subfield>
    <subfield code="f">Gramophone Record</subfield>
  </datafield>
  <datafield tag="500" ind1=" " ind2=" ">
    <subfield code="a">Brief record</subfield>
  </datafield>
  <datafield tag="505" ind1=" " ind2=" ">
    <subfield code="a">Side-1 &#x92C;&#x941;&#x91D;&#x940; &#x939;&#x941;&#x908; &#x936;&#x92E;&#x93E; &#x915;&#x93E; (&#x917;&#x93C;&#x91C;&#x93C;&#x932;) (Bujhi hui shama ka) (Akhtari Bai (Fyzabadi)) --Side-2 &#x938;&#x91A; &#x938;&#x91A; &#x92C;&#x924;&#x93E;&#x928;&#x93E; &#x910; &#x926;&#x93F;&#x932; (Sach sach btana ae dil) (Akhtari Bai (Fyzabadi))</subfield>
  </datafield>
  <datafield tag="650" ind1=" " ind2=" ">
    <subfield code="b">Classical music</subfield>
    <subfield code="x">Excerpts.</subfield>
    <subfield code="z">India</subfield>
    <subfield code="9">17460</subfield>
  </datafield>
  <datafield tag="942" ind1=" " ind2=" ">
    <subfield code="2">ddc</subfield>
    <subfield code="c">GR</subfield>
  </datafield>
  <datafield tag="999" ind1=" " ind2=" ">
    <subfield code="c">43559</subfield>
    <subfield code="d">43559</subfield>
  </datafield>
  <datafield tag="952" ind1=" " ind2=" ">
    <subfield code="0">0</subfield>
    <subfield code="1">0</subfield>
    <subfield code="2">ddc</subfield>
    <subfield code="4">0</subfield>
    <subfield code="7">0</subfield>
    <subfield code="8">NFIC</subfield>
    <subfield code="a">L</subfield>
    <subfield code="b">L</subfield>
    <subfield code="d">2010-09-03</subfield>
    <subfield code="e">SED/VEN</subfield>
    <subfield code="l">0</subfield>
    <subfield code="p">GR-352</subfield>
    <subfield code="r">2010-09-03 00:00:00</subfield>
    <subfield code="t">1</subfield>
    <subfield code="w">2010-09-03</subfield>
    <subfield code="y">GR</subfield>
  </datafield>
</record>
